00834cam a22002534a 4500001000500000005001700005020001500022040002300037050002000060082001200080100002100092245007100113250004600184260003500230300005900265505000800324520008500332521002000417521002000437650003600457650003400493650001300527700004000540297320260311084436.0 a0439176727 aDLCcDLCdDLCbeng00aTA807.H86b199900a624.1931 aHunter, Ryan Ann10aDig a tunnel /cby Ryan Ann Hunter ; illustrated by Edward Miller. aFirst Scholastic printing, September 2000 aNew York :bScholastic, c1999 a25 unnumbered pages : bcolor illustrations;c21 cm .  aO  aSimply describes a variety of tunnels, how they are built and how they are used. a610 bLexile  aO bRaz-Plus  0aTunnelingvJuvenile literature. 0aTunnelsvJuvenile literature. 1aTunnels.1 aMiller, Edwardd1964-eillustrator